000 00839nam0a22002411 4500
001 rc\1090170
005 20041126173822.5
035 _a(NLR Aleph) 006337089
090 _a7605520
_c7605520
100 _a20041126d1983 u |0rusy50 ca
101 0 _arus
102 _aRU
105 _aa |||||||||
200 1 _aОсновы физиологии функциональных систем
_f[К.В. Судаков, С.А. Осиповский, В.И. Бадиков и др.]
_gПод ред. К.В. Судакова
210 _aМ.
_cМедицина
_d1983
215 _a272 с.
_cил.
_d21
300 _aАвт. указаны в огл.
701 1 _aСудаков
_bК. В.
_gКонстантин Викторович
801 0 _aRU
_bNLR
_gpsbo
801 1 _aRU
_bELAR
_2rusmarc
852 _aNLR
_j83-5/4365
942 _cBOOK
980 _aNB